[Event "GER-ch Internet g/5'"]
[Site "Playchess.com INT"]
[Date "2004.02.29"]
[Round "18"]
[White "Aronian, Levon"]
[Black "Richter, Christian"]
[Result "1-0"]
[WhiteElo "2648"]
[BlackElo "2331"]
[PlyCount "97"]
[EventDate "2004.02.29"]
[EventType "tourn (blitz)"]
[EventRounds "22"]
[EventCountry "GER"]
[EventCategory "10"]
[SourceTitle "CBM 099 Extra"]
[Source "ChessBase"]
[SourceDate "2004.05.04"]
[SourceVersion "1"]
[SourceVersionDate "2004.05.04"]
[SourceQuality "1"]

1. e4 e5 2. Nf3 Nc6 3. Bb5 a6 4. Ba4 Nf6 5. O-O Be7 6. Re1 b5 7. Bb3 d6 8. c3
O-O 9. d3 Na5 10. Bc2 c5 11. Nbd2 Nc6 12. Nf1 Re8 13. Ng3 Bf8 14. h3 h6 15. Be3
d5 16. exd5 Nxd5 17. Ne4 Nxe3 18. Rxe3 Bb7 19. Qe2 Qc7 20. Nh4 Ne7 21. Rg3 Kh8
22. Re1 Rad8 23. d4 cxd4 24. Ng5 Ng8 25. Nxf7+ Qxf7 26. Ng6+ Qxg6 27. Bxg6 Re7
28. Be4 Bc8 29. Rg6 Nf6 30. Rxf6 gxf6 31. Qf3 Bg7 32. g4 Be6 33. a3 Kg8 34.
cxd4 Rxd4 35. Rc1 Bc4 36. b3 Be6 37. Bf5 Bd5 38. Qc3 Bf8 39. Qc8 Kg7 40. Rc7
Bf7 41. Rxe7 Bxe7 42. Be6 Bxe6 43. Qxe6 Kf8 44. Qxa6 b4 45. a4 Rd1+ 46. Kg2 Rb1
47. a5 Rxb3 48. Qc8+ Kg7 49. Qe6 1-0

[Event "GER-ch Internet g/5'"]
[Site "Playchess.com INT"]
[Date "2004.02.29"]
[Round "19"]
[White "Kalinitschew, Sergey"]
[Black "Aronian, Levon"]
[Result "0-1"]
[WhiteElo "2519"]
[BlackElo "2648"]
[PlyCount "114"]
[EventDate "2004.02.29"]
[EventType "tourn (blitz)"]
[EventRounds "22"]
[EventCountry "GER"]
[EventCategory "10"]
[SourceTitle "CBM 099 Extra"]
[Source "ChessBase"]
[SourceDate "2004.05.04"]
[SourceVersion "1"]
[SourceVersionDate "2004.05.04"]
[SourceQuality "1"]

1. d4 Nf6 2. Nf3 e6 3. c4 d5 4. Nc3 dxc4 5. e3 a6 6. Bxc4 b5 7. Bb3 Bb7 8. O-O
c5 9. dxc5 Nbd7 10. Qe2 Bxc5 11. a4 b4 12. Nb1 O-O 13. Nbd2 Be7 14. a5 Nc5 15.
Bc4 Ne8 16. Nb3 Ne4 17. Rd1 N8d6 18. Bd3 Bd5 19. Nbd4 Nc5 20. Bc2 Qb8 21. Bd2
Qb7 22. Be1 Rfc8 23. Rac1 Bf6 24. Bb1 Rc7 25. Qd2 Rb8 26. h4 h6 27. Qc2 Be4 28.
Qe2 Bd5 29. Qc2 Nde4 30. Qe2 Rbc8 31. Bxe4 Bxe4 32. Rc4 b3 33. Rb4 Qa8 34. Rb6
e5 35. Nxb3 Nxb3 36. Rxb3 Bc2 37. Rc3 Bxd1 38. Qxd1 e4 39. Nd4 Qd5 40. Qg4 Bxd4
41. exd4 Rxc3 42. Bxc3 Re8 43. Qe2 Re6 44. Qe3 Kh7 45. Qe2 Qf5 46. Qe3 Rg6 47.
Kf1 Qb5+ 48. Kg1 Qd3 49. Qf4 Qf3 50. Qxf3 exf3 51. g3 Re6 52. g4 Re4 53. d5
Rxg4+ 54. Kf1 Rxh4 55. Ke1 Rh5 56. d6 Rd5 57. Bb4 h5 0-1

[Event "GER-ch Internet g/5'"]
[Site "Playchess.com INT"]
[Date "2004.02.29"]
[Round "20"]
[White "Aronian, Levon"]
[Black "Renner, Christoph"]
[Result "1-0"]
[WhiteElo "2648"]
[BlackElo "2401"]
[PlyCount "67"]
[EventDate "2004.02.29"]
[EventType "tourn (blitz)"]
[EventRounds "22"]
[EventCountry "GER"]
[EventCategory "10"]
[SourceTitle "CBM 099 Extra"]
[Source "ChessBase"]
[SourceDate "2004.05.04"]
[SourceVersion "1"]
[SourceVersionDate "2004.05.04"]
[SourceQuality "1"]

1. e4 e6 2. d4 d5 3. Nc3 Bb4 4. Bd3 dxe4 5. Bxe4 Nf6 6. Bf3 O-O 7. Nge2 Nbd7 8.
O-O Rb8 9. Bf4 Bd6 10. a4 Bxf4 11. Nxf4 Nb6 12. Re1 Nbd5 13. Nd3 Nxc3 14. bxc3
Qd6 15. Qd2 Rd8 16. Qg5 h6 17. Qh4 Bd7 18. Re3 Bc6 19. Bxc6 Qxc6 20. Ne5 Qe8
21. Rg3 Kf8 22. Rf3 Qe7 23. Re1 Rd5 24. Re4 Rbd8 25. h3 c5 26. Ref4 cxd4 27.
cxd4 Ke8 28. Rxf6 gxf6 29. Ng4 Rc8 30. Nxf6+ Kd8 31. Qxh6 Rxd4 32. Qh8+ Kc7 33.
Rc3+ Kb6 34. Qxc8 1-0

[Event "GER-ch Internet g/5'"]
[Site "Playchess.com INT"]
[Date "2004.02.29"]
[Round "21"]
[White "Schmaltz, Roland"]
[Black "Aronian, Levon"]
[Result "0-1"]
[WhiteElo "2527"]
[BlackElo "2648"]
[PlyCount "50"]
[EventDate "2004.02.29"]
[EventType "tourn (blitz)"]
[EventRounds "22"]
[EventCountry "GER"]
[EventCategory "10"]
[SourceTitle "CBM 099 Extra"]
[Source "ChessBase"]
[SourceDate "2004.05.04"]
[SourceVersion "1"]
[SourceVersionDate "2004.05.04"]
[SourceQuality "1"]

1. e4 e5 2. Nf3 Nc6 3. Bc4 Nf6 4. d3 h6 5. Bb3 d6 6. c3 g6 7. O-O Bg7 8. Re1
O-O 9. h3 Qe8 10. Nbd2 Kh8 11. Nf1 Nh5 12. d4 f5 13. exf5 gxf5 14. dxe5 dxe5
15. Ba4 e4 16. Nd4 Qg6 17. Nxc6 bxc6 18. Bc2 Be5 19. Qd2 Kh7 20. Qe2 Rg8 21. f3
Ba6 22. Qf2 Bxf1 23. Rxf1 Nf4 24. Bxf4 Bxf4 25. fxe4 Be3 0-1

[Event "GER-ch Internet g/5'"]
[Site "Playchess.com INT"]
[Date "2004.02.29"]
[Round "22"]
[White "Aronian, Levon"]
[Black "Rabiega, Robert"]
[Result "1-0"]
[WhiteElo "2648"]
[BlackElo "2527"]
[PlyCount "53"]
[EventDate "2004.02.29"]
[EventType "tourn (blitz)"]
[EventRounds "22"]
[EventCountry "GER"]
[EventCategory "10"]
[SourceTitle "CBM 099 Extra"]
[Source "ChessBase"]
[SourceDate "2004.05.04"]
[SourceVersion "1"]
[SourceVersionDate "2004.05.04"]
[SourceQuality "1"]

1. e4 e5 2. Nf3 Nf6 3. Nc3 Bb4 4. Bc4 O-O 5. d3 c6 6. O-O d6 7. a3 Ba5 8. Ba2
Be6 9. Ne2 Nbd7 10. Ng3 Re8 11. Nh4 d5 12. Nhf5 Nf8 13. Qf3 dxe4 14. dxe4 Bxa2
15. Rxa2 Ne6 16. c3 Qc7 17. Nxg7 Nxg7 18. Qxf6 Re6 19. Qf3 Rd8 20. Nf5 Qd7 21.
b4 Bb6 22. Rd2 Qe8 23. Rxd8 Bxd8 24. Rd1 Bc7 25. Bg5 f6 26. Nh6+ Kh8 27. Bxf6
1-0

[Event "Reykjavik Blitz"]
[Site "Reykjavik"]
[Date "2004.03.17"]
[Round "2"]
[White "Nataf, Igor Alexandre"]
[Black "Aronian, Levon"]
[Result "1/2-1/2"]
[WhiteElo "2569"]
[BlackElo "2648"]
[PlyCount "54"]
[EventDate "2004.03.17"]
[EventType "tourn (blitz)"]
[EventRounds "15"]
[EventCountry "ISL"]
[EventCategory "15"]
[SourceTitle "CBM 099 Extra"]
[Source "ChessBase"]
[SourceDate "2004.05.04"]
[SourceVersion "1"]
[SourceVersionDate "2004.05.04"]
[SourceQuality "1"]

1. e4 e5 2. Nf3 Nc6 3. d4 exd4 4. Nxd4 Bc5 5. Nxc6 Qf6 6. Qd2 dxc6 7. Nc3 Bd4
8. Bd3 Ne7 9. O-O Ng6 10. Kh1 Ne5 11. f4 Nxd3 12. Qxd3 Bxc3 13. bxc3 Bd7 14.
Be3 O-O-O 15. Bxa7 Qe7 16. Qe3 f5 17. exf5 Qxe3 18. Bxe3 Bxf5 19. Bd4 Rhg8 20.
Rae1 g6 21. Re7 Rge8 22. Rfe1 Rxe7 23. Rxe7 Rd7 24. Re8+ Rd8 25. Re7 Rd7 26.
Re8+ Rd8 27. Re7 Rd7 1/2-1/2

[Event "Reykjavik Blitz"]
[Site "Reykjavik"]
[Date "2004.03.17"]
[Round "10"]
[White "Stefansson, Hannes"]
[Black "Aronian, Levon"]
[Result "0-1"]
[WhiteElo "2572"]
[BlackElo "2648"]
[PlyCount "177"]
[EventDate "2004.03.17"]
[EventType "tourn (blitz)"]
[EventRounds "15"]
[EventCountry "ISL"]
[EventCategory "15"]
[SourceTitle "CBM 099 Extra"]
[Source "ChessBase"]
[SourceDate "2004.05.04"]
[SourceVersion "1"]
[SourceVersionDate "2004.05.04"]
[SourceQuality "1"]

1. d4 e6 2. c4 c5 3. d5 exd5 4. cxd5 d6 5. Nc3 Be7 6. e4 Bf6 7. h3 Ne7 8. Nf3
Ng6 9. Bd3 a6 10. a4 O-O 11. O-O Nd7 12. Nh2 Re8 13. Be3 Rb8 14. Qd2 Bd4 15.
Bxd4 cxd4 16. Ne2 Nc5 17. Nxd4 Nxe4 18. Bxe4 Rxe4 19. Rfe1 Rxe1+ 20. Rxe1 Bd7
21. b3 Qb6 22. Rc1 Ne7 23. a5 Qd8 24. Ne2 b6 25. axb6 Qxb6 26. Rc3 Rc8 27. Nf4
h6 28. Nf1 Rc5 29. Ne3 Qb5 30. Nc4 Qb8 31. Ne3 Qc7 32. Rxc5 Qxc5 33. b4 Qc7 34.
Qd4 Nf5 35. Nxf5 Bxf5 36. g4 Bd7 37. Nh5 f6 38. Qe4 Qd8 39. Nf4 f5 40. gxf5
Qg5+ 41. Kh2 Bxf5 42. Qe3 Kh7 43. Qg3 Qe7 44. Ne6 g5 45. Qe3 Qf6 46. Nd4 Bd7
47. Nc6 h5 48. Kg2 Kh6 49. Kh2 Qf5 50. Ne7 Qf4+ 51. Qxf4 gxf4 52. Nc6 Kg5 53.
Nd4 Kf6 54. Nf3 Bf5 55. Nd4 Bd3 56. Nc6 Bc4 57. Nd4 Bxd5 58. b5 a5 59. b6 a4
60. Nb5 Ke5 61. Nc3 Bc6 62. Nxa4 Kd4 63. Kg1 Kc4 64. Kf1 Kb3 65. b7 Bxb7 66.
Nb6 Kc3 67. Ke2 d5 68. Nd7 d4 69. Nc5 d3+ 70. Nxd3 Ba6 71. Kf3 Kxd3 72. Kxf4
Kd4 73. Kg5 Be2 74. f4 Kd5 75. h4 Ke6 76. Kg6 Ke7 77. Kg7 Bg4 78. Kg6 Kf8 79.
Kf6 Bd7 80. Kg6 Be8+ 81. Kf6 Kg8 82. Kf5 Kg7 83. Kg5 Bg6 84. f5 Bf7 85. f6+ Kh7
86. Kf5 Kh6 87. Kf4 Kg6 88. Ke5 Bg8 89. Kd4 0-1

[Event "Reykjavik Blitz"]
[Site "Reykjavik"]
[Date "2004.03.17"]
[Round "14"]
[White "Aronian, Levon"]
[Black "Hjartarson, Johann"]
[Result "1-0"]
[WhiteElo "2648"]
[BlackElo "2640"]
[PlyCount "29"]
[EventDate "2004.03.17"]
[EventType "tourn (blitz)"]
[EventRounds "15"]
[EventCountry "ISL"]
[EventCategory "15"]
[SourceTitle "CBM 099 Extra"]
[Source "ChessBase"]
[SourceDate "2004.05.04"]
[SourceVersion "1"]
[SourceVersionDate "2004.05.04"]
[SourceQuality "1"]

1. d4 Nf6 2. c4 e6 3. Nc3 Bb4 4. Qc2 c5 5. dxc5 Qc7 6. Nf3 Bxc5 7. g3 a6 8. Bf4
Qb6 9. O-O-O Nc6 10. Na4 Qa5 11. Nxc5 Qxc5 12. Bd6 Qxf2 13. Kb1 b5 14. cxb5
axb5 15. Bc5 1-0

[Event "Reykjavik rapid"]
[Site "Reykjavik"]
[Date "2004.03.18"]
[Round "1.2"]
[White "Aronian, Levon"]
[Black "Olafsson, Helgi"]
[Result "1-0"]
[WhiteElo "2648"]
[BlackElo "2504"]
[Annotator "Golod,V"]
[PlyCount "69"]
[EventDate "2004.03.18"]
[EventType "k.o. (rapid)"]
[EventRounds "4"]
[EventCountry "ISL"]
[SourceTitle "CBM 100"]
[Source "ChessBase"]
[SourceDate "2004.06.01"]
[SourceVersion "1"]
[SourceVersionDate "2004.06.01"]
[SourceQuality "1"]

1. d4 Nf6 2. c4 e6 3. Nc3 Bb4 4. Qc2 c5 5. dxc5 Qc7 6. Nf3 Bxc5 7. g3 a6 8. Bf4
Qb6 $5 {Comments to this part of the game(6-8 moves) and also:} (8... d6 {
You can find in my annotations to game: Sargissian,G-Anastasian,A/Batumi,2002/
CBM 90(1-0)(42)}) 9. O-O-O $5 {[%csl Rd6][%cal Gf4b8] This rare move appeared
only three times in the whole database. The idea behind this move very simple
- White sacrifices pawn "f2" in order to get a full control over the black
squares,and especially over "d6" square.} (9. e3 $5 Be7 (9... d5 $2 {Chuchelov,
V} 10. O-O-O $16) 10. e4 d6 11. Bg2 Nbd7 12. O-O Qc7 13. Qe2 {+/=/= Chernin,
A-Chuchelov,V/Cappelle la Grande,1994/Inf 60/509 (0-1)(Chuchelov,V)(55)}) 9...
Qa7 $146 {Trying to escape a exchange from Black's bishop.} ({The games,which
have reached this position were continued as follows:} 9... Bxf2 $6 10. Kb1 Be3
$4 (10... Nc6 $5 11. e4 $1 {[%csl Rf2][%cal Gc3a4,Gc4c5]} Bc5 (11... Nb4 12.
Qe2 {[%cal Ge4e5]}) 12. Na4 Qa7 13. Nxc5 Qxc5 14. Bd6 $36) 11. Na4 (11. c5 $1 {
[%csl Rb6,Re3]} Qxc5 (11... Bxc5 12. Na4 $18 {[%csl Rb6,Rc5]}) 12. Bxe3 Qxe3
13. Nd5 $18 {[%csl Rc8,Re8,Rh8][%cal Gc2c8]}) 11... Qa7 12. c5 $36 {Dao Thien
Hai-Csom,I/Budapest,1994(1-0)(20)}) (9... Nc6 10. Na4 Qa5 11. Nxc5 Qxc5 12. Bd6
Qxf2 13. Kb1 b5 $4 (13... b6 $142 14. Rg1 {[%cal Yg1g2]} Qe3 (14... Bb7 $2 15.
Qc3 {[%csl Rf2][%cal Gg1g2,Yc3e3]} Ne4 $140 16. Qxg7 O-O-O 17. Rg2 Qe3 18. Rd3
$18 {[%csl Re3]}) 15. Rd3 Qh6 16. Bg2 $36) 14. cxb5 axb5 15. Bc5 {[%csl Rf2]
1-0 Aronian,L-Hjartarson,J/Reykjavik,2004(15)}) (9... d6 10. Na4 Qa5 11. Nxc5 (
11. Bxd6 Bxf2 12. Bg2 $14) 11... dxc5 12. Qd2 Qxd2+ 13. Nxd2 $14) 10. e3 Be7 $6
{Too passive move. After it White has a clear advantage because of the attack
on the king side.} (10... b5 $142 $5 11. cxb5 Bb7 12. Be2 (12. Bg2 O-O 13. Be5
$13) 12... O-O 13. Be5 Rc8 $13 {For a pawn,Black has an excellent counterplay
on the queen side.}) 11. g4 $1 {Typical move to this kind of positions.} Nc6 $6
({Black still had to try:} 11... b5 $5 12. g5 $1 Nh5 13. Be5 Bb7 (13... Nc6
$143 14. cxb5 Nxe5 15. Nxe5 Bxg5 (15... axb5 16. Nxb5 Qxa2 17. Nc7+ Kf8 18.
Nxa8 Qa1+ 19. Qb1 Qxa8 20. Be2 $16 {[%csl Rh5]}) 16. b6 $1 Qxb6 17. Nc4 Qb8 (
17... Qc7 $2 18. Nb5 {[%csl Gc2,Rc7][%cal Gc4d6,Gd6f7]} Qb8 $140 19. Nc7+ $1
$18) 18. Nd6+ Kf8 19. Be2 $16 {[%csl Gd6,Rh5][%cal Gf2f4,Gh1g1]}) (13... bxc4
14. Bxc4 {[%cal Ge5d6]} Nc6 (14... Qc5 $2 15. Na4 Qa7 16. Bxe6 $18 {[%csl Rc8]}
) (14... d5 $2 15. Nxd5 $1 exd5 16. Bxd5 $18 {[%csl Ya7,Ra8,Gd5,Ye5][%cal
Ye5d4,Gd4a7,Ya7a8]}) 15. Bd6 Bb7 $14) 14. Bd4 (14. Be2 $5 bxc4 (14... Nc6 15.
Bd6 Bxd6 16. Rxd6 $11) 15. Ne4 Nc6 (15... d5 $140 $4 16. Bd4 $18 {[%csl Ra7,
Gd4][%cal Gd4a7]}) 16. Nd6+ Bxd6 17. Bxd6 $16 {[%csl Rc4,Gd6,Re8,Rh5]}) 14...
Bc5 15. Bxc5 Qxc5 16. Ne4 Bxe4 17. Qxe4 Nc6 18. Kb1 $14 {[%csl Rh5] Even here
white has small advantage because the knight on "h5" is completely out.}) 12.
g5 Nh5 13. Bd6 b6 (13... Bxd6 14. Rxd6 b5 $6 15. Be2 bxc4 16. Rhd1 $1 {[%csl
Rc4,Ge2,Rh5][%cal Yf3e1,Yd6d1,Yd1d6,Ge2c4,Ge2h5]} (16. Ne1 $5 Qc7 17. Qd1 g6
18. Bxh5 gxh5 19. Ne4 $14) 16... Nb4 17. Qe4 Nd3+ 18. Bxd3 cxd3 19. R1xd3 $16 {
White is dominating all over the board.}) 14. Ne4 ({Another way to increase
the advantage is:} 14. Qd2 $5 $16 O-O 15. Be2 Bb7 16. Ne1 g6 17. Bxh5 gxh5 18.
Rg1 {[%csl Gg1,Rg8,Rh5]}) 14... O-O ({Hardly it was better:} 14... f5 15. gxf6
Nxf6 16. Bd3 Bb7 17. Bxe7 Kxe7 18. Qb3 $16 {[%csl Re7][%cal Gb3a3]}) 15. Ng3
$16 g6 16. Qe4 $2 (16. Nxh5 $142 gxh5 17. Bd3 Bxd6 (17... Kh8 18. Qc3+ Kg8 19.
Bc2 $18 {[%csl Gc2,Gc3,Rg8,Rh7][%cal Gc3d3,Gd3h7]}) 18. Bxh7+ Kh8 19. Rxd6 Nb4
20. Qc3+ Kxh7 21. Qxb4 Qb7 22. Rdd1 $1 {[%csl Rf8] Excellent move,maybe it was
missed by Levon Aronian.} Kg8 23. Ne5 $18) 16... Nxg3 $2 {Black did not use
discrepancy of the contender.} (16... Bxd6 $142 17. Rxd6 Qc7 18. Rd2 f5 $1 19.
Qd3 Ng7 $14 {White still has an advantage,however it is very difficult to
increase it.}) 17. hxg3 {[%csl Rh7][%cal Ge4h4,Gh1h7]} Bxd6 18. Rxd6 Qc7 19.
Qh4 {[%csl Rg8,Gh1,Gh4,Rh7]} h5 20. gxh6 f6 21. Qf4 Ne7 22. Rd2 $5 ({Also good
enough:} 22. h7+ $5 Kh8 $140 23. Ne5 $1 {[%csl Rc7,Ge5,Gf4,Rh8][%cal Gd6d7] /
\24.Rxd7 Bxd7 25.Nxg6+ (ףc7)} Qc5 24. Qh6 Bb7 25. Nxg6+ Nxg6 26. Rxd7 {
[%csl Rb7,Rh8][%cal Gh6g7,Gd7b7]} Ne7 27. Rxb7 Nf5 28. Qh3 $16) 22... e5 23.
Qh4 d5 24. Bh3 $6 ({Can be recommended:} 24. Rc2 Bf5 25. Rc3 Qd6 26. Be2 $16)
24... Bxh3 25. Qxh3 Nf5 $2 {Black had missed his best chance in this game:} (
25... Qc6 $1 {[%csl Re6][%cal Yc6e6,Gd5c4]} 26. g4 (26. Rhd1 b5 $1 27. c5 Qxc5+
28. Kb1 Qb6 $14) 26... dxc4 (26... Qxc4+ $143 27. Kb1 Rac8 28. g5 Rc7 (28...
Nf5 29. gxf6 Qe4+ 30. Ka1 Rxf6 31. Ng5 Qc4 32. Kb1 $16) 29. gxf6 $16) 27. g5 c3
28. Rc2 Nd5 {[%cal Yd5b4]} 29. Kb1 Rac8 $14) 26. Qg4 {[%csl Rd5,Rg6][%cal
Gd2d5,Yg4c4]} Qxc4+ (26... Ne7 27. Qe6+ Kh8 28. Rc2 $16) 27. Qxc4 dxc4 28. g4
Ne7 29. Rd7 Rae8 30. Rhd1 {Black can not find protection against numerous
threats.} e4 (30... Kh7 31. g5 b5 32. R1d6 {[%csl Ra6,Rf6]} fxg5 (32... e4 33.
Nh2 $18 {[%csl Ra6,Rf6][%cal Gd6a6,Gh2g4]}) 33. Nxe5 Rxf2 34. Re6 {[%csl Re7,
Re8,Rh7]} Rf1+ 35. Kd2 Kxh6 36. Rexe7 Rxe7 37. Rxe7 $18) 31. Nd2 f5 32. Nxc4
$18 Rc8 33. Rxe7 Rxc4+ 34. Kb1 fxg4 $2 (34... Rfc8 35. Rg7+ Kh8 36. Rxg6 fxg4
37. Rxg4 $18) 35. Rg7+ {[%csl Gd1,Gg7,Rg8][%cal Gd1d7]} (35. Rg7+ {After this
move Black resigns,because of next variant:} Kh8 36. Rdd7 Rfc8 37. Rh7+ Kg8 38.
Rdg7+ Kf8 39. Rh8#) 1-0

[Event "EU-ch 5th"]
[Site "Antalya"]
[Date "2004.05.27"]
[Round "11"]
[White "Aronian, Levon"]
[Black "Istratescu, Andrei"]
[Result "1-0"]
[WhiteElo "2645"]
[BlackElo "2587"]
[Annotator "Ftacnik,L"]
[PlyCount "73"]
[EventDate "2004.05.15"]
[EventType "swiss"]
[EventRounds "13"]
[EventCountry "TUR"]
[SourceTitle "CBM 101"]
[Source "ChessBase"]
[SourceDate "2004.07.27"]
[SourceVersion "1"]
[SourceVersionDate "2004.07.27"]
[SourceQuality "1"]

1. d4 Nf6 2. c4 e6 3. Nc3 Bb4 4. e3 b6 5. Nge2 Ba6 6. a3 Bxc3+ 7. Nxc3 d5 8.
Qf3 O-O 9. g4 $5 {With bishops pair white can even afford to start such an
original attack, the main condition is to develop own pieces in time.} Bb7 10.
g5 Ne4 11. Nxe4 dxe4 12. Qg3 f5 13. Bd2 {Aronian is improving the game from
the start of the europena championship. White will open up the position in a
suitable moment.} (13. gxf6 Rxf6 14. Bd2 Rg6 15. Qf4 Nd7 16. Bc3 e5 $1 17. Qf5
(17. dxe5 Qe7 18. h4 Rf8 19. Qh2 Rf5 $11) 17... exd4 18. Bxd4 Qe7 19. Bh3 Nc5
20. Bxc5 bxc5 21. Qd7 Qe5 {0-1 Mamedyarov,S-Istratescu,A/Antalya 2004/ (44)})
13... a5 14. h4 Qd6 (14... f4 $5 15. Qg4 Qd6 16. O-O-O Nc6 17. Bc3 Ne7 18. Bh3
$14) 15. Be2 Nd7 (15... f4 16. Qg4 (16. exf4 e3 17. Bxe3 Bxh1 18. f3 Nc6 19.
O-O-O Ne7 $17) 16... f3 17. Bf1 Nd7 18. O-O-O $14) 16. O-O-O Rae8 (16... f4 17.
exf4 e3 18. fxe3 Bxh1 19. Rxh1 c5 20. g6 h6 21. Bc3 $14) 17. h5 (17. Qxd6 cxd6
18. h5 Rc8 19. b3 d5 20. Kb2 $14) 17... Qxg3 18. fxg3 e5 (18... c5 19. Bc3 Rd8
20. h6 $1 g6 21. d5 $16) 19. Rhf1 {[%mdl 32] In the following phase Istratescu
will make few half baked moves and land in a very difficult position.} (19. Bc3
f4 20. dxe5 f3 21. Rxd7 fxe2 22. Re1 Rf7 23. Rxf7 Kxf7 24. Rxe2 Ke6 $14) (19.
d5 $5 Nc5 20. Kc2 a4 21. Bb4 f4 22. gxf4 exf4 23. exf4 Rxf4 24. Bxc5 bxc5 25.
Rdf1 $16) 19... Rf7 (19... exd4 $1 20. exd4 e3 21. Bc3 Be4 22. b3 Rf7 $13) 20.
Bc3 (20. d5 a4 21. Kc2 $16) 20... exd4 21. exd4 Nf8 $6 (21... e3 22. d5 $14)
22. d5 $1 Ba6 (22... a4 $1 23. Kd2 Nd7 24. Ke3 $14) 23. b4 axb4 24. axb4 g6 25.
Kc2 Bc8 26. Ra1 h6 $6 {The exaemplary case of positional desperation, black
realized the hopelessnes of his situation.} (26... gxh5 27. Bxh5 Ng6 28. Ra8
Kf8 29. Bf6 Bd7 30. Ra7 Rc8 31. Kd2 $18) 27. hxg6 (27. gxh6 g5 28. Ra7 Kh7 29.
Bd4 Ree7 30. c5 bxc5 31. Bxc5 Rd7 32. Ra8 Rd8 33. Bg4 $18) 27... Nxg6 28. Rh1
f4 (28... hxg5 29. Rh6 Ne5 30. Rah1 Kf8 31. Rh8+ Ke7 32. Bxe5 $18) (28... Rh7
29. gxh6 Kf7 30. Ra7 Re7 31. Bd4 $18) 29. Rxh6 f3 (29... Bf5 30. g4 Ne5 31.
gxf5 Rxf5 32. Rah1 $18) 30. Rxg6+ Kf8 (30... Kh7 $2 31. Rh6+ Kg8 32. Rh8#) 31.
b5 $1 {The defender will get no rest in this game, white's bishops are the
heroes of the position.} Rh7 (31... fxe2 32. Bb4+ Ree7 33. Ra8 $18) 32. Rf6+
Kg8 (32... Ke7 33. Bf1 Rh2+ 34. Kb3 $18) 33. Bxf3 exf3 34. Rxf3 Bg4 35. Rf4 Bh5
36. Kb3 Bg6 37. Rh4 1-0

[Event "Bundesliga 0405"]
[Site "Germany"]
[Date "2004.11.12"]
[Round "7.3"]
[White "Polzin, Rainer"]
[Black "Aronian, Levon"]
[Result "0-1"]
[WhiteElo "2517"]
[BlackElo "2675"]
[PlyCount "120"]
[EventDate "2004.11.12"]
[EventType "team-tourn"]
[EventRounds "15"]
[EventCountry "GER"]
[SourceTitle "EXT 2005"]
[Source "ChessBase"]
[SourceDate "2004.11.15"]
[SourceVersion "1"]
[SourceVersionDate "2004.11.15"]
[SourceQuality "1"]
[WhiteTeam "Neukoelln"]
[BlackTeam "Kreuzberg"]
[WhiteTeamCountry "GER"]
[BlackTeamCountry "GER"]

1. e4 e5 2. Nf3 Nc6 3. Bb5 a6 4. Ba4 Nf6 5. O-O Be7 6. Re1 b5 7. Bb3 O-O 8. d4
d6 9. c3 Bg4 10. Be3 Bd7 11. a4 exd4 12. Bxd4 Qc8 13. Nbd2 Qb7 14. axb5 axb5
15. Rxa8 Rxa8 16. e5 Nxd4 17. cxd4 dxe5 18. Nxe5 Be6 19. Nxf7 Bxb3 20. Qxb3 Qd5
21. Ne5 Bd6 22. Qxd5+ Nxd5 23. Nb3 Ra2 24. Rb1 Nf4 25. Nc1 Ra4 26. Nf3 Rc4 27.
Kf1 g5 28. g3 Ne6 29. Ne2 g4 30. Nd2 Rb4 31. d5 Nd4 32. Nc3 Nf3 33. Nxf3 gxf3
34. Ke1 Bc5 35. b3 Kg7 36. Kd2 Rd4+ 37. Kc2 b4 38. Nd1 Rxd5 39. Ra1 Bd4 40. Ra6
c5 41. Re6 Rd7 42. Ne3 Bc3 43. Nf5+ Kf7 44. Rd6 Ra7 45. Kd3 Ra2 46. Ke3 Ra3 47.
Ke4 Rxb3 48. Rd7+ Ke8 49. Rxh7 Rb2 50. Nd6+ Kf8 51. Rf7+ Kg8 52. Rxf3 Rc2 53.
Kf5 Kh7 54. Ne4 c4 55. g4 Bd4 56. Ng5+ Kg8 57. Ne6 b3 58. Nxd4 b2 59. Nxc2 b1=Q
60. Ke4 Qxc2+ 0-1